EM Teilnehmer 2024 - Statistiken

Allgemein
  • Dieses Quiz wurde 157 mal gespielt
  • Das Durchschnittsergebnis liegt bei 22 aus 24
Antwortstatistiken
Hint Antwort % Korrekt
Gruppe A Deutschland
100%
Italien
98%
Schottland
98%
Schweiz
98%
Gruppe B Spanien
98%
Portugal
97%
Frankreich
96%
England
95%
Österreich
94%
Niederlande
92%
Gruppe C Slowenien
92%
Gruppe F Türkei
92%
Kroatien
91%
Gruppe D Polen
91%
Slowakei
91%
Albanien
90%
Gruppe E Belgien
88%
Tschechien
88%
Ukraine
88%
Georgien
86%
Serbien
85%
Dänemark
84%
Rumänien
77%
Ungarn
74%
Keine übereinstimmenden Quizze gefunden
Verteilung der Resultate
Anzahl Personen mit jedem Resultat
Perzentil nach korrekt beantworteten Fragen
Ihre Resultats-Entwicklung
Sie haben dieses Quiz noch nicht gespielt